| 000 | 00468nam a2200181 a 4500 | ||
|---|---|---|---|
| 001 | 2532 | ||
| 005 | 20140414131928.0 | ||
| 008 | 050602s19uu xx 00 eng d | ||
| 020 | _a0-670-82869-6 | ||
| 050 |
_aER _bSa4 1991 |
||
| 100 | _aRobinson, Colin | ||
| 245 |
_aSam and the swans / _cColin Robinson. |
||
| 260 |
_aEngland : _bViking, _c1991. |
||
| 300 | _a1 v. p. : ill. ; cm. | ||
| 650 |
_aSwans _xFiction. |
||
| 650 | _aChildren stories. | ||
| 999 |
_c112146 _d112146 |
||